Kvantitatívne metódy a hodnotenie efektívnosti vo vybranom podniku diplomová práca

Saved in:
Bibliographic Details
Main Author: Rychnavská, Daša
Corporate Author: Podnikovohospodárska fakulta EU so sídlom v Košiciach. Katedra účtovníctva a financií
Other Authors: Výrost, Tomáš, 1978-
Format: Book
Language:Slovak
Published: Košice 2014
Tags: Add Tag
No Tags, Be the first to tag this record!

MARC

LEADER 00000nbm a2200000 4500
001 0187113
005 20170201084756.2
041 0 |a slo 
044 |a SK 
245 1 0 |a Kvantitatívne metódy a hodnotenie efektívnosti vo vybranom podniku  |b diplomová práca  |c Daša Rychnavská ; školiteľ: Tomáš Výrost 
264 1 |a Košice  |c 2014 
300 |a 59 s. 
100 1 |a Rychnavská, Daša 
700 1 |a Výrost, Tomáš, 1978- 
710 2 |a Podnikovohospodárska fakulta EU so sídlom v Košiciach. Katedra účtovníctva a financií